000 00401nam a22001457a 4500
005 20260305110555.0
008 260305b |||||||| |||| 00| 0 eng d
041 _atam
082 _a894.8113
100 _aஅச. பாய்வா
_99144
245 _aஆத்ம விசாரம்/
260 _aஆரையம்பதி;
_bமறுகா ,
_c2008
300 _a77பக்
942 _cBK
999 _c91851
_d91851